000 00287nam a2200133Ia 4500
008 230312s9999||||xx |||||||||||||| ||und||
082 _a891.4
_bHAM-B
100 _aHameed, A
245 0 _aBarish main Judai
260 _bSangeMeel
300 _a251
650 _aLiterature
942 _cBK
999 _c8673
_d8673